MARC details
| 000 -CABECERA |
| campo de control de longitud fija |
02517nam a2200217 a 4500 |
| 001 - NÚMERO DE CONTROL |
| campo de control |
000048446 |
| 005 - FECHA Y HORA DE LA ÚLTIMA TRANSACCIÓN |
| campo de control |
20201002061147.0 |
| 008 - DATOS DE LONGITUD FIJA--INFORMACIÓN GENERAL |
| campo de control de longitud fija |
190320s2013 dr a 000 0 spa d |
| 020 ## - NÚMERO INTERNACIONAL ESTÁNDAR DEL LIBRO |
| Número Internacional Estándar del Libro |
9789945416510 |
| 040 ## - FUENTE DE LA CATALOGACIÓN |
| Centro catalogador/agencia de origen |
DO-SdBNP |
| Lengua de catalogación |
spa |
| Centro/agencia transcriptor |
BNPHU |
| 082 ## - NÚMERO DE LA CLASIFICACIÓN DECIMAL DEWEY |
| Número de clasificación |
xxxx |
| Número de documento/Ítem |
Y65a |
| 100 1# - ENTRADA PRINCIPAL--NOMBRE DE PERSONA |
| Nombre de persona |
Yost, Milagros |
| 9 (RLIN) |
75860 |
| 245 13 - MENCIÓN DE TÍTULO |
| Título |
La auditoría académica como instrumento de aseguramiento de la calidad enseñanza semi-presencial / |
| Mención de responsabilidad, etc. |
Milagros Yost ; prólogo Alejandrina Germán. |
| 260 ## - PUBLICACIÓN, DISTRIBUCIÓN, ETC. |
| Lugar de publicación, distribución, etc. |
Santo Domingo : |
| Nombre del editor, distribuidor, etc. |
Ediciones Unicaribe, |
| Fecha de publicación, distribución, etc. |
2013. |
| 300 ## - DESCRIPCIÓN FÍSICA |
| Extensión |
100 p. : |
| Otras características físicas |
il. ; |
| Dimensiones |
24 cm. |
| 500 ## - NOTA GENERAL |
| Nota general |
Incluye datos biográficos de la autora en la solapa de la contracubierta |
| 504 ## - NOTA DE BIBLIOGRAFÍA, ETC. |
| Nota de bibliografía, etc. |
Bibliografía : p. 91-100 |
| 505 0# - NOTA DE CONTENIDO CON FORMATO |
| Nota de contenido con formato |
Capítulo 1 |
| Título |
Introducción -- |
| -- |
Contexto del Problema -- |
| -- |
Establecimiento del Problema -- |
| -- |
Importancia de la Investigación -- |
| -- |
Propósito del Estudio -- |
| Información miscelánea |
Capítulo 2 |
| Título |
Revisión literaria -- |
| -- |
Contexto: Calidad Universitaria y su Vinculación con el Cumplimiento de las Normativas -- |
| -- |
Sistemas de Aseguramiento de la Calidad -- |
| -- |
El Blended Learning o Educación Semi-presencial: Conceptos y Teorías Claves -- |
| -- |
Origen, Concepto y Fundamento de la Auditoría -- |
| -- |
La Auditoria Académica: Sustentación, Criterios y Metodología -- |
| -- |
Metodología -- |
| -- |
Tendencias de la Auditoría Académica -- |
| -- |
Tipos de Auditorías Académicas -- |
| -- |
Metodología Auditorías Académicas -- |
| -- |
Procesos y Técnicas de la Auditoria -- |
| -- |
Hallazgos de la Auditoria Académica: Papel de Evidencia -- |
| Información miscelánea |
Capítulo 3 |
| Título |
Metodología -- |
| -- |
Tipo de Estudio -- |
| -- |
Objetivos -- |
| -- |
Participantes -- |
| -- |
Técnicas e instrumentos -- |
| -- |
Procedimientos -- |
| -- |
Diseño -- |
| -- |
Análisis de los Datos -- |
| -- |
Limitaciones -- |
| Información miscelánea |
Capítulo 4 |
| Título |
Resultados -- |
| -- |
Información Demográfica de los Informantes según Grupo Participante -- |
| -- |
Resultados Sobre las Características de los Modelos Híbridos o Semi-Presenciales -- |
| -- |
Resultados Sobre los Componentes Indispensables que debe Contemplar un Sistema de Auditoria Académica en la Modalidad Semi-Presencial -- |
| -- |
Resultados Sobre los Alcances y Beneficios que puede Proporcionar un Sistema de Auditoria Propio a la Modalidad de Enseñanza Semi-presencial -- |
| -- |
Auditoria producido -- |
| -- |
Pertinencia del Modelo -- |
| -- |
Comprensión del Modelo -- |
| -- |
Integralidad del Modelo -- |
| -- |
Contribución de la Calidad en el Modelo -- |
| Información miscelánea |
Capítulo 5 |
| Título |
Discusión -- |
| -- |
Modelo de Auditoría Académica Propuesto -- |
| -- |
Fases del Modelo Propuesto -- |
| -- |
Conclusiones -- |
| -- |
Implicaciones -- |
| 590 ## - NOTA LOCAL (RLIN) |
| Nota local |
Inventariado, 2019/LP |
| 700 1# - PUNTO DE ACCESO ADICIONAL--NOMBRE DE PERSONA |
| Nombre de persona |
Germán, Alejandrina, |
| Término indicativo de función/relación |
pról. |
| 9 (RLIN) |
12096 |